000 00750nam a2200217Ii 4500
003 JO-AjNU
008 230605s9999||||xx |||||||||||||| ||und||
020 _a9953-32-074-8
040 _aJO-AjNU
_bara
_erda
_cJO-AjNU
041 _aara
050 1 4 _aPJ6101 .A2. 2007
100 3 _aتأليف جرجاني، عبد القاهر بن عبد الرحمن؛ اعتنى به ميسر عقاد، مصطفى شيخ مصطفى,
_eauthor
_926308
245 0 0 _aأسرار البلاغة 
250 _aط1
264 3 1 _aبيروت: مؤسسة الرسالة، 2007
300 _a304ص
336 _atext
_btxt
_2rdacontent
337 _aunmediated
_bn
_2rdamedia
338 _avolume
_bnc
_2rdacarrier
650 4 _aالبلاغة العربية
_926309
999 _aA9952
_c13520
_d13520